01223nam a2200217 a 450000100100000000500170001000800410002704000250006808200210009310000500011424500720016426000450023630000250028159000270030660000590033391000380039295202060043095201190063695202330075599900170098800002098120240409073639.0100825t1958 xxu r 000 0bspa d aDO-SdBNPbspacBNPHU a923.17293bT866O1 aOrnes Coiscou, Germán E.,d1919-199895781410aTrujillo :blittle Cesar of the Caribbean /cGermán Emilio Ornes. aNew York :bThomas Nelson & Sons,c1958. aix, 338 p. ;c23 cm. aInventariado, 2019/MFF10aTrujillo Molina, Rafael Leónidas,d 1891-1961976764 aValidado. Control de calidad. EMS 001054708RVaGRbGRcHDd2019-05-29iLF1l0o923.17293 T866Op20981-30r2020-06-25te.3w2020-06-25y4zPerteneció a la biblioteca personal de Chiqui Vicioso/Fidelio Despradel.ZPréstamo en sala 001050718RVaPDbPDcHDd2010-08-25iLF1l0o923.17293 T866Op20981-10r2020-06-25w2020-06-25y1ZNo se presta 001050718RVaPDbPDcHDd2011-06-28iLF1l0o923.17293 T866Op20981-20r2020-06-25te.2w2020-06-25y1zPertenecioa la biblioteca personal Juan Isidro Jimenes Grullón, dedicado en ingles a Juan Diaz, por DianeZNo se presta c20484d20484